LEADER 01241nam a22002653i 4500 001 991000584879707536 005 20021018085217.0 008 021018s1970 it |||||||||||||||||ita 035 $ab12026189-39ule_inst 035 $aARCHE-011598$9ExL 040 $aDip.to Filologia Ling. e Lett.$bita$cA.t.i. Arché s.c.r.l. Pandora Sicilia s.r.l. 082 04$a415 100 1 $aSaltarelli, Mario$0175594 245 13$aLa grammatica generativa trasformazionale :$bcon introduzione alla fonologia, sintassi e dialettologia italiana /$cMario Saltarelli 260 $aFirenze :$bSansoni,$c1970 300 $aXIII, 157 p. ;$c23 cm 650 4$aGrammatica$xTeorie 907 $a.b12026189$b02-04-14$c01-04-03 912 $a991000584879707536 945 $aLE008 L.Glott. H 203$g20081$i2008000487416$lle008$o-$pE0.00$q-$rl$s- $t0$u0$v0$w0$x0$y.i12315722$z01-04-03 945 $aLE008 FL.M. (f.r.) XXIII 64$g2$i2008000522124$lle008$o-$pE0.00$q-$rl$s- $t0$u0$v0$w0$x0$y.i12315734$z01-04-03 945 $aLE008 Ist. Glott. IX A 14$g3$i2008000470692$lle008$o-$pE0.00$q-$rl$s- $t0$u0$v0$w0$x0$y.i12315746$z01-04-03 996 $aGrammatica generativa trasformazionale$9142741 997 $aUNISALENTO 998 $ale008$b01-04-03$cm$da $e-$fita$git $h3$i3